| 000 | 01044 a2200241 4500 | ||
|---|---|---|---|
| 001 | 24717 | ||
| 005 | 20260407155530.0 | ||
| 008 | 260407a1998 arg spa d | ||
| 003 | AR-UNSa-BCEJYS | ||
| 040 |
_aAR-UNSa-BCEJYS _bspa _cAR-UNSa-BCEJYS |
||
| 080 |
_a657 _xContabilidad |
||
| 245 | 1 | 0 |
_aContabilidad para el siglo XXI _pla debacle de la RT 10, las presiones para adaptar las normas argentinas a las internacionales y los rasgos de la economía global exigen un nuevo replanteo de la técnica contable. |
| 020 | _a978-950-739-621-2 | ||
| 264 | 1 |
_aBuenos Aires : _bErrepar _c1998 |
|
| 300 |
_axxviii, 434 p. _c27 cm. |
||
| 505 | _a1. Introducción.modelos contables - 2. Conversión de la unidad de medida - 3. Cuestiones de valuación y determinación de resultados - 4. Cuestiones de exposición - 5. Análisis de estados contables. | ||
| 041 | _aspa | ||
| 942 | _cBK | ||
| 590 | _aniveau_biblio:m niveau_hierar:0 | ||
| 100 | 1 | _aZgaib, Alfredo O. | |
| 650 | _aResolución Técnica Nº 10 | ||
| 650 | _a resolucion tecnica nº 10 | ||
| 999 |
_c1217 _d1217 |
||